| 000 | 00699nam a22001697a 4500 | ||
|---|---|---|---|
| 003 | OSt | ||
| 005 | 20171006151652.0 | ||
| 008 | 161110b xxu||||| |||| 00| 0 eng d | ||
| 040 | _cमराठी | ||
| 082 | _b409 | ||
| 100 | _aगोडबोले, परशुरामपंत | ||
| 245 | _aनागानंद : पंचांक संस्कृत नाटक | ||
| 260 |
_aमुंबई _bगणपत कृष्णाजी यांच्या छापखान्यांत छापिले _c1865 |
||
| 300 | _a१०२ पृष्ठे | ||
| 856 | _uhttp://dspace.vpmthane.org:8080/jspui/bitstream/123456789/5599/1/409Naagaananda.pdf | ||
| 942 |
_2ddc _cEBOOK |
||
| 999 |
_c1407280 _d1407277 |
||